000 02235nam0a2200385 4500
001 RU\NLR\bibl\1372667
005 20260412041143.0
010 _a978-5-87976-537-3
_9100
021 _aRU
_b2009-22590
_91337
035 _a(nilc)RSL-KNO-004270971
035 _a(NLR Aleph) 001364791
090 _a1004018
_c1004018
100 _a20090318d2008 |||y0rusy50 ca
101 0 _arus
102 _aRU
105 _ay |||||||||
200 1 _aКультурно-воспитательная среда: становление и развитие
_fЕ. А. Михайлычев, И.А. Зайцева, Г.М. Земченкова и др.
_gнауч. ред. Е. А. Михайлычев
_gФедеральное агентство по образованию, Гос. образовательное учреждение высш. проф. образования "Таганрогский гос. пед. ин-т"
210 _aТаганрог
_cИздательский центр Таганрогского государственного педагогического института
_d2008
215 _a222 с.
_d20
300 _aНа с. 218-222 авт.: Михайлычев Е.А. - д.п.н., проф., Зайцева И.А. - к.п.н., доц., Земченкова Г.М. - доц.
320 _aБиблиогр. в конце разд.
606 1 _aВоспитание
_xИстория
_yРоссия
_92086025
_3RU\NLR\auth\661262152
606 _aОбразовательные учреждения
_xВоспитательная работа
_yРоссийская Федерация
_92432571
_3RU\NLR\auth\661447775
686 _aЧ31,6(2)3я43
_2rubbk
686 _aЧ313
686 _aЧ33(2)
700 1 _aМихайлычев
_bЕ. А.
_gЕвгений Аркадьевич
_4070
701 1 _4070
_7ca
_8rus
_aЗайцева
_bИ. А.
_cканд. пед. наук
_gИнна Александровна
_960394
_3RU\NLR\auth\7777466
701 1 _aЗемченкова
_bГ. М.
_gГертруда Михайловна
_4070
801 0 _aRU
_bРКП
_c20090318
_grcr
801 1 _aRU
_bРГБ
_c20090318
801 2 _aRU
_bNLR
_c20090521
_grcr
942 _cBOOK
980 _aNB